Catalog

Record Details

Catalog Search



House of danger #6 / by R.A. Montgomery ; ... Read More

Sundaravej, Sittisan.(Added Author). Thongmoon, Kriangsak.(Added Author).

Available copies

  • 1 of 1 copy available at LARL/NWRL Consortium.
  • 1 of 1 copy available at Northwest Regional Library. (Show preferred library)

Current holds

0 current holds with 1 total copy.

Show Only Available Copies
Location Call Number / Copy Notes Barcode Shelving Location Status Due Date
Red Lake Falls Public Library j pb (Text) 35500004072110 Main Available -

Record details

  • ISBN: 1933390069
  • ISBN: 9781933390062
  • Physical Description: 108 p. : ill. ; 18 cm.
  • Publisher: Waitsfield, VT : Chooseco, c2005.

Content descriptions

Summary, etc.:
You trace a desperate anonymous caller to a house ... Read More
Subject: Haunted houses > Juvenile fiction.
Genre: Detective and mystery stories.
Plot-your-own stories.
Adventure stories.
LDR 01285cam a2200313Ia 4500
00174438
003LARL_NWRL_CONSORTIUM
00520061120160557.0
008060405s2005 vtua j 000 1 eng d
020 . ‡a1933390069
020 . ‡a9781933390062
0243 . ‡a9781933390062
035 . ‡a(OCoLC)65511757
1001 . ‡aMontgomery, R. A. ‡0(LARL_NWRL_CONSORTIUM)70516
24510. ‡aHouse of danger ‡n#6 / ‡cby R.A. Montgomery ; illustrated by Sittisan Sundaravej & Kriangsak Thongmoon.
260 . ‡aWaitsfield, VT : ‡bChooseco, ‡cc2005.
300 . ‡a108 p. : ‡bill. ; ‡c18 cm.
4900 . ‡aChoose your own adventure ; ‡v6
520 . ‡aYou trace a desperate anonymous caller to a house on the site of a former Civil War prison. Is it safe to go in alone? Depending on the choices you make, will this house of danger be your biggest case or your last?.
650 0. ‡aHaunted houses ‡vJuvenile fiction.
655 0. ‡aDetective and mystery stories.
655 0. ‡aPlot-your-own stories.
655 0. ‡aAdventure stories.
7001 . ‡aSundaravej, Sittisan. ‡0(LARL_NWRL_CONSORTIUM)213602
7001 . ‡aThongmoon, Kriangsak. ‡0(LARL_NWRL_CONSORTIUM)213603
901 . ‡a74438 ‡bOCLC ‡c74438 ‡tbiblio

Additional Resources